Statistics for Argentina Cities Map Quiz

Click here to take the quiz!

General Stats

  • This quiz has been taken 78 times
  • The average score is 12 of 15

Answers on the Map

Answers color-coded by a green-red scale on the quiz's map according to % correct below.
 

Answer Stats

Answer% Correct
Buenos Aires
95%
Córdoba
95%
La Plata
88%
Mendoza
85%
Mar del Plata
83%
San Miguel de Tucumán
83%
Santiago del Estero
83%
San Salvador de Jujuy
80%
Santa Fe
78%
Posadas
76%
Rosario
75%
San Juan
75%
Resistencia
71%
Salta
71%
Corrientes
68%

Score Distribution

Percentile by Number Answered

Percent of People with Each Score

Your Score History

You have not taken this quiz